[Event "European Youth Chess Championship B18"]
[Site "Prague, Top Hotel Prague"]
[Date "2012.08.19"]
[Round "3.17"]
[White "Plat, Vojtech"]
[Black "Abbasov, Amil"]
[Result "0-1"]
[WhiteElo "2480"]
[BlackElo "2209"]
[PlyCount "126"]
[EventDate "2012.08.17"]

1. c4 e5 2. Nc3 Nc6 3. g3 g6 4. Bg2 Bg7 5. e3 Nge7 6. Nge2 d6 7. d3 O-O 8. O-O
Be6 9. Nd5 Qd7 10. Nec3 Nd8 11. Qa4 Nxd5 12. Qxd7 Bxd7 13. cxd5 b6 14. Bd2 a5
15. f4 f6 16. a4 Nb7 17. d4 f5 18. dxe5 dxe5 19. e4 Nd6 20. fxe5 Bxe5 21. exf5
Bxf5 22. Rae1 Rfe8 23. Kh1 Bd3 24. Rf3 Bxc3 25. Bxc3 Rxe1+ 26. Bxe1 Re8 27. Bf2
Bc4 28. Rc3 Re2 29. b3 Bxb3 30. Rxb3 Rxf2 31. Rc3 Rf7 32. Bh3 Re7 33. Kg2 Kg7
34. Bg4 Nb7 35. Rc6 Nd8 36. Rc2 Kf6 37. Bc8 Nf7 38. h4 Ke5 39. Bb7 Nd8 40. d6
cxd6 41. Bf3 Ne6 42. Re2+ Kf6 43. Rb2 Nd4 44. Rxb6 Nxf3 45. Kxf3 Ke6 46. Ra6
Rf7+ 47. Ke4 Rf5 48. Ra7 Re5+ 49. Kd4 h5 50. Rg7 Kf5 51. Rf7+ Kg4 52. Rf6 Kxg3
53. Rxd6 Rf5 54. Rxg6+ Kxh4 55. Ke3 Rg5 56. Ra6 Kg3 57. Ke2 Kg2 58. Rh6 Re5+
59. Kd3 Kg3 60. Kd4 Rg5 61. Ke4 h4 62. Rc6 h3 63. Rc3+ Kg4 0-1

[Event "European Youth Chess Championship B18"]
[Site "Prague, Top Hotel Prague"]
[Date "2012.08.19"]
[Round "3.18"]
[White "Jovanovic, Bojan P"]
[Black "Kadric, Denis"]
[Result "0-1"]
[WhiteElo "2179"]
[BlackElo "2418"]
[PlyCount "68"]
[EventDate "2012.08.17"]

1. d4 Nf6 2. c4 g6 3. Nc3 Bg7 4. e4 d6 5. f3 O-O 6. Bg5 c5 7. d5 h6 8. Be3 e6
9. Qd2 exd5 10. cxd5 h5 11. Nge2 a6 12. a4 Nbd7 13. Nc1 Ne5 14. Be2 Nh7 15. O-O
f5 16. h3 Nf6 17. f4 Nf7 18. e5 dxe5 19. fxe5 Nxe5 20. Bxc5 Re8 21. a5 Be6 22.
Rd1 Bf7 23. Nb3 Rc8 24. Ra4 Ned7 25. Bf2 Qe7 26. Bf1 Qd6 27. Qf4 Qxf4 28. Rxf4
Ne4 29. Be1 Bh6 30. Rf3 Ne5 31. Rfd3 Nxd3 32. Rxd3 Nxc3 33. Bxc3 Rcd8 34. Nd4
Rxd5 0-1

[Event "European Youth Chess Championship B18"]
[Site "Prague, Top Hotel Prague"]
[Date "2012.08.19"]
[Round "3.19"]
[White "Meribanov, Vitaly"]
[Black "Seidl, Stepan"]
[Result "1/2-1/2"]
[WhiteElo "2381"]
[BlackElo "2187"]
[PlyCount "83"]
[EventDate "2012.08.17"]

1. e4 c5 2. Nf3 Nc6 3. Bb5 g6 4. O-O Bg7 5. Re1 Nf6 6. e5 Nd5 7. Nc3 Nc7 8.
Bxc6 dxc6 9. Ne4 Ne6 10. d3 b6 11. Be3 O-O 12. Qd2 Nd4 13. Nxd4 cxd4 14. Bh6 c5
15. Qf4 Bb7 16. Qh4 Bxe4 17. Rxe4 Qd7 18. e6 fxe6 19. Rae1 Bxh6 20. Qxh6 Rf6
21. f3 Raf8 22. b3 R8f7 23. Qh3 Rf8 24. a4 Rc8 25. Qh6 Rc6 26. h4 Qe8 27. Qd2
Qf7 28. a5 Rd6 29. axb6 axb6 30. Ra1 Kg7 31. Ra7 Rf5 32. Qe1 Qf6 33. Rb7 e5 34.
Ra7 Re6 35. Ra1 Rf4 36. Rd1 Qf5 37. Rd2 Rxe4 38. Qxe4 Qxe4 39. fxe4 Rf6 40. Rd1
Kf7 41. Ra1 h5 42. Ra8 1/2-1/2

[Event "European Youth Chess Championship B18"]
[Site "Prague, Top Hotel Prague"]
[Date "2012.08.19"]
[Round "3.21"]
[White "Straka, Jozef"]
[Black "Balacek, Tadeas"]
[Result "1/2-1/2"]
[WhiteElo "2360"]
[BlackElo "2178"]
[PlyCount "96"]
[EventDate "2012.08.17"]

1. d4 d5 2. c4 dxc4 3. Nf3 Nf6 4. e3 Bg4 5. Bxc4 e6 6. Nc3 Nbd7 7. h3 Bh5 8.
O-O Bb4 9. Be2 O-O 10. Qb3 Bxc3 11. bxc3 Rb8 12. Ba3 Re8 13. Rfd1 c5 14. dxc5
Qc7 15. Qc4 Rec8 16. Rd4 e5 17. Rd6 b5 18. Qh4 e4 19. Nd4 Bxe2 20. Nxe2 Nxc5
21. Bxc5 Qxc5 22. Rad1 Qe5 23. g4 h6 24. Kg2 a5 25. Qg3 Rc5 26. Rd8+ Rxd8 27.
Rxd8+ Kh7 28. Qxe5 Rxe5 29. Ra8 b4 30. cxb4 axb4 31. Rb8 Ra5 32. Rxb4 Rxa2 33.
Nc3 Ra5 34. Nxe4 Nxe4 35. Rxe4 h5 36. Kg3 hxg4 37. hxg4 g5 38. Rb4 Kg6 39. f4
gxf4+ 40. exf4 Kg7 41. Rb6 Ra1 42. g5 Rc1 43. f5 Rg1+ 44. Kf4 Rf1+ 45. Ke4 Rg1
46. g6 fxg6 47. Rxg6+ Rxg6 48. fxg6 Kxg6 1/2-1/2

[Event "European Youth Chess Championship B18"]
[Site "Prague, Top Hotel Prague"]
[Date "2012.08.19"]
[Round "3.22"]
[White "Silva Rodriguez, Julio"]
[Black "Doros, Radu-Marian"]
[Result "0-1"]
[WhiteElo "2165"]
[BlackElo "2338"]
[PlyCount "72"]
[EventDate "2012.08.17"]

1. e4 c5 2. Nf3 d6 3. d4 cxd4 4. Nxd4 Nf6 5. Nc3 a6 6. Bc4 e6 7. Bb3 Nbd7 8.
Bg5 Qb6 9. O-O Be7 10. Kh1 Nc5 11. Re1 h6 12. Bh4 g5 13. Bg3 h5 14. Nf5 exf5
15. exf5 Bxf5 16. Qd4 Ncd7 17. Qd2 Ne5 18. Qxg5 Be6 19. Bxe6 fxe6 20. f4 Nfg4
21. Qg7 Bf6 22. Nd5 exd5 23. Qg6+ Kd7 24. fxe5 Bxe5 25. Rxe5 Nxe5 26. Bxe5 Rhg8
27. Qf7+ Kc6 28. Bxd6 Kxd6 29. Qf6+ Kc7 30. Qf7+ Kc6 31. Qf6+ Kb5 32. c4+ Ka5
33. Qe5 Qf2 34. Qc7+ b6 35. b4+ Kxb4 36. Rb1+ Ka5 0-1

[Event "European Youth Chess Championship B18"]
[Site "Prague, Top Hotel Prague"]
[Date "2012.08.19"]
[Round "3.23"]
[White "Nadirashvili, Shalva"]
[Black "Berchtenbreiter, Maximilian"]
[Result "1/2-1/2"]
[WhiteElo "2151"]
[BlackElo "2326"]
[PlyCount "107"]
[EventDate "2012.08.17"]

1. d4 d5 2. Nf3 Nf6 3. c4 c6 4. e3 a6 5. Bd3 Bg4 6. Nbd2 e6 7. Qc2 dxc4 8. Bxc4
Nbd7 9. O-O c5 10. h3 Bf5 11. Bd3 Bxd3 12. Qxd3 Be7 13. b3 O-O 14. Bb2 Re8 15.
Rfd1 Rc8 16. Ne4 Qa5 17. dxc5 Nxc5 18. Nxc5 Qxc5 19. Rac1 Qa5 20. Bxf6 Bxf6 21.
Qd7 Rb8 22. Rc7 Rf8 23. Rdc1 b5 24. Rc8 Rbxc8 25. Rxc8 g6 26. Rxf8+ Kxf8 27.
Qc8+ Kg7 28. Qc2 h6 29. Kf1 Bc3 30. a3 Kf8 31. Ke2 Ke7 32. Kd3 b4 33. axb4 Bxb4
34. Nd4 Kf8 35. Qc8+ Kg7 36. Qc4 Be1 37. Qc2 e5 38. Nc6 Qb5+ 39. Qc4 e4+ 40.
Ke2 Qxc4+ 41. bxc4 Bc3 42. c5 a5 43. Na7 Kf8 44. c6 Be5 45. f4 exf3+ 46. gxf3
Ke7 47. Nb5 f5 48. f4 Bb2 49. e4 fxe4 50. Ke3 a4 51. Kxe4 a3 52. Nxa3 Bxa3 53.
h4 Ke6 54. h5 1/2-1/2

[Event "European Youth Chess Championship B18"]
[Site "Prague, Top Hotel Prague"]
[Date "2012.08.19"]
[Round "3.24"]
[White "Emiroglu, Cankut"]
[Black "Pecurica, Milos"]
[Result "0-1"]
[WhiteElo "2299"]
[BlackElo "2132"]
[PlyCount "78"]
[EventDate "2012.08.17"]

1. e4 e5 2. Nf3 Nc6 3. Bc4 Bc5 4. d3 Nf6 5. Nbd2 a6 6. c3 Ba7 7. O-O d6 8. Bb3
O-O 9. Re1 Ng4 10. Re2 Kh8 11. h3 Nh6 12. Nf1 f5 13. d4 fxe4 14. Rxe4 d5 15.
Re1 e4 16. N3h2 Nf5 17. Ne3 Be6 18. Nxf5 Bxf5 19. f3 Qd6 20. f4 Ne7 21. Be3
Rae8 22. Qd2 Bd7 23. g4 c5 24. Rf1 cxd4 25. cxd4 Bb5 26. Rf2 Nc6 27. Nf1 Bd3
28. Qc3 b5 29. Rc1 Rc8 30. a3 a5 31. Ba2 b4 32. axb4 axb4 33. Qb3 Nxd4 34. Rxc8
Nxb3 35. Rxf8+ Qxf8 36. Bxa7 Qa8 37. Bxb3 Qxa7 38. Kg2 e3 39. Rf3 Be4 0-1

[Event "European Youth Chess Championship B18"]
[Site "Prague, Top Hotel Prague"]
[Date "2012.08.19"]
[Round "3.25"]
[White "Ochsner, Bjorn Moller"]
[Black "Papakonstantinou, Dimitrios"]
[Result "1-0"]
[WhiteElo "2290"]
[BlackElo "2129"]
[PlyCount "65"]
[EventDate "2012.08.17"]

1. e4 c5 2. Nf3 d6 3. d4 cxd4 4. Nxd4 Nf6 5. Nc3 e6 6. g4 h6 7. h4 Nc6 8. Rg1
h5 9. gxh5 Nxh5 10. Bg5 Nf6 11. Rg3 a6 12. Nxc6 bxc6 13. Qf3 e5 14. Bc4 Be7 15.
O-O-O Qc7 16. h5 Be6 17. Bxe6 fxe6 18. h6 Rxh6 19. Bxh6 gxh6 20. Rg6 Nh7 21.
Qh5 O-O-O 22. Qxh6 Nf8 23. Rg7 d5 24. exd5 exd5 25. Rxe7 Qxe7 26. Qxc6+ Kb8 27.
Qb6+ Kc8 28. Qxa6+ Kb8 29. Qb6+ Kc8 30. Nxd5 Qf7 31. Qc5+ Kb8 32. Rd3 Rd7 33.
Qb6+ 1-0

[Event "European Youth Chess Championship B18"]
[Site "Prague, Top Hotel Prague"]
[Date "2012.08.19"]
[Round "3.26"]
[White "Tahaoglu, Ugur Barkin"]
[Black "Van Overdam, Julian"]
[Result "0-1"]
[WhiteElo "1912"]
[BlackElo "2273"]
[PlyCount "92"]
[EventDate "2012.08.17"]

1. d4 Nf6 2. Nf3 e6 3. c4 b6 4. Nc3 Bb4 5. Bg5 h6 6. Bh4 g5 7. Bg3 Ne4 8. Qc2
Bxc3+ 9. bxc3 Bb7 10. e3 d6 11. Bd3 f5 12. d5 exd5 13. cxd5 Bxd5 14. Nd4 Qf6
15. f3 Nxg3 16. hxg3 Nd7 17. Bxf5 O-O-O 18. e4 Bb7 19. Qa4 Rhe8 20. O-O-O Re5
21. Nb3 a6 22. Qd4 Kb8 23. Bxd7 Rxd7 24. g4 Qe6 25. Kc2 Rf7 26. Kb2 Rh7 27. Rd2
Re7 28. Rhd1 d5 29. exd5 Bxd5 30. Qb4 Bxb3 31. axb3 Rb5 32. Qa3 Qe5 33. Rc2 Kb7
34. Qa4 Rd5 35. Rcd2 Rxd2+ 36. Rxd2 Qe3 37. Rc2 Qd3 38. Qa1 Re2 39. Qc1 Re5 40.
Qd2 Qf1 41. Qf2 Qb5 42. Rd2 h5 43. Qd4 Re1 44. Qf2 Qe5 45. Kc2 Re3 46. Kd1 Qxc3
0-1

[Event "European Youth Chess Championship B18"]
[Site "Prague, Top Hotel Prague"]
[Date "2012.08.19"]
[Round "3.27"]
[White "Pop, Alexandru"]
[Black "Romanov, Stanislav"]
[Result "1-0"]
[WhiteElo "2271"]
[BlackElo "2115"]
[PlyCount "51"]
[EventDate "2012.08.17"]

1. Nf3 Nf6 2. c4 e6 3. g3 b6 4. Bg2 Bb7 5. O-O Be7 6. Nc3 O-O 7. Re1 d5 8. cxd5
exd5 9. d4 Nbd7 10. Bf4 Ne4 11. Rc1 Nxc3 12. Rxc3 Bb4 13. Rxc7 Bxe1 14. Rxb7
Bb4 15. Qa4 Nf6 16. Qxb4 Nh5 17. Bd6 Re8 18. Ne5 Rc8 19. Bxd5 Rc1+ 20. Kg2 Qa8
21. Qb3 Nf6 22. Rb8 Qxb8 23. Bxb8 Rxb8 24. Bxf7+ Kh8 25. e4 Re1 26. Qc2 1-0

[Event "European Youth Chess Championship B18"]
[Site "Prague, Top Hotel Prague"]
[Date "2012.08.19"]
[Round "3.30"]
[White "Scott, Gordon W"]
[Black "Altini, Nicola"]
[Result "0-1"]
[WhiteElo "2026"]
[BlackElo "2379"]
[PlyCount "70"]
[EventDate "2012.08.17"]

1. d4 d5 2. c4 c6 3. Nf3 Nf6 4. Nc3 dxc4 5. a4 Bf5 6. Ne5 Nbd7 7. Nxc4 Nb6 8.
Ne5 a5 9. g3 e6 10. Bg2 Bb4 11. O-O O-O 12. e3 Nfd7 13. Nd3 Qe7 14. e4 Bg6 15.
Qb3 e5 16. dxe5 Nxe5 17. Nxe5 Qxe5 18. Be3 Nd7 19. f4 Qe6 20. Qc2 f5 21. e5
Nxe5 22. Rae1 Ng4 23. Bb6 Qc4 24. Kh1 Rfe8 25. h3 Nf6 26. Qc1 Bf7 27. Qb1 Nd5
28. Bg1 Nxc3 29. bxc3 Qxc3 30. Rxe8+ Rxe8 31. Qxf5 Qxg3 32. Qd7 Re2 33. Bf3 Re1
34. Rxe1 Qxf3+ 35. Kh2 Qxf4+ 0-1

[Event "European Youth Chess Championship B18"]
[Site "Prague, Top Hotel Prague"]
[Date "2012.08.19"]
[Round "3.31"]
[White "Braun, Marek"]
[Black "Bizovi, Mihai"]
[Result "1-0"]
[WhiteElo "2200"]
[BlackElo "2044"]
[PlyCount "81"]
[EventDate "2012.08.17"]

1. d4 Nf6 2. g3 g6 3. Bg2 Bg7 4. c4 O-O 5. Nc3 d6 6. Nf3 Nc6 7. O-O a6 8. Re1
Rb8 9. Rb1 b5 10. cxb5 axb5 11. b4 Bf5 12. e4 Bg4 13. Qd3 Bxf3 14. Bxf3 e5 15.
d5 Nd4 16. Bd1 Nd7 17. Be3 f5 18. exf5 gxf5 19. Bxd4 exd4 20. Nxb5 Ne5 21. Qf1
Ng6 22. f4 Qd7 23. a4 c6 24. dxc6 Qxc6 25. Qd3 Kh8 26. Bf3 Qb6 27. Re6 Qa6 28.
Qb3 Rfd8 29. Rbe1 Nf8 30. Re7 Ng6 31. Ra7 Qb6 32. Kg2 Rg8 33. Kh1 Rbc8 34. Rb7
Qd8 35. Qd5 Re8 36. Rd1 Re7 37. Rxe7 Qxe7 38. Nxd6 Rf8 39. Nxf5 Nxf4 40. Nxe7
Nxd5 41. Bxd5 1-0

[Event "European Youth Chess Championship B18"]
[Site "Prague, Top Hotel Prague"]
[Date "2012.08.19"]
[Round "3.32"]
[White "Verstraeten, Reinaert"]
[Black "Kyrkjebo, Erlend"]
[Result "1-0"]
[WhiteElo "2191"]
[BlackElo "2047"]
[PlyCount "73"]
[EventDate "2012.08.17"]

1. d4 Nf6 2. c4 c5 3. Nf3 cxd4 4. Nxd4 Nc6 5. Nc3 g6 6. e4 d6 7. Be2 Bg7 8. Be3
O-O 9. O-O Bd7 10. Nb3 Qc8 11. f3 Rd8 12. Rc1 Be8 13. Qe1 e6 14. Qf2 b6 15.
Rfd1 Qb8 16. f4 Ne7 17. Bf3 Bc6 18. Nd4 Bb7 19. Ndb5 Ne8 20. Rc2 f5 21. Rcd2
fxe4 22. Nxe4 Nf5 23. Nd4 Nxd4 24. Bxd4 e5 25. fxe5 dxe5 26. Bc3 Qc7 27. Ng5
Rxd2 28. Rxd2 Bxf3 29. Qxf3 Qc5+ 30. Kh1 Qxc4 31. b3 Qb5 32. Rd5 Qc6 33. Qf7+
Kh8 34. Rxe5 Nd6 35. Qxg7+ Kxg7 36. Rc5+ Kh6 37. Rxc6 1-0

[Event "European Youth Chess Championship B18"]
[Site "Prague, Top Hotel Prague"]
[Date "2012.08.19"]
[Round "3.33"]
[White "Lhotka, Jiri"]
[Black "Guttulsrud, Odd Martin"]
[Result "0-1"]
[WhiteElo "2082"]
[BlackElo "2172"]
[PlyCount "78"]
[EventDate "2012.08.17"]

1. e4 c5 2. Nf3 d6 3. d4 cxd4 4. Nxd4 Nf6 5. Nc3 a6 6. Be3 e5 7. Nb3 Be6 8. Qd2
Nbd7 9. f3 h5 10. a4 Rc8 11. Be2 Nb6 12. a5 Nc4 13. Bxc4 Rxc4 14. O-O Be7 15.
Rfd1 Qc7 16. Bb6 Qc8 17. Qd3 h4 18. Nd2 Rc6 19. Nf1 Rh6 20. Ne3 Nd7 21. Ncd5
Nxb6 22. Nxb6 Qd8 23. c4 Rg6 24. Kh1 Bg5 25. Ned5 Bh6 26. b4 Qg5 27. Ra2 f5 28.
c5 fxe4 29. fxe4 dxc5 30. b5 axb5 31. Qxb5 h3 32. g3 Bg4 33. Nc7+ Kf8 34. Rf2+
Kg8 35. Qc4+ Kh7 36. Rf8 Rgf6 37. Rf1 Rxf1+ 38. Rxf1 Rxc7 39. Nd5 Qd2 0-1

[Event "European Youth Chess Championship B18"]
[Site "Prague, Top Hotel Prague"]
[Date "2012.08.19"]
[Round "3.34"]
[White "Sosovicka, Juraj"]
[Black "Foster, James M"]
[Result "1-0"]
[WhiteElo "2108"]
[BlackElo "2037"]
[PlyCount "161"]
[EventDate "2012.08.17"]

1. e4 e6 2. d4 d5 3. Nd2 Nf6 4. e5 Nfd7 5. f4 c5 6. Ngf3 cxd4 7. Nxd4 Nxe5 8.
Nxe6 Bxe6 9. fxe5 Nc6 10. Nf3 Qb6 11. c3 Be7 12. Qe2 O-O 13. Bf4 Rac8 14. Qb5
Qc7 15. Be2 a6 16. Qd3 Bc5 17. Ng5 g6 18. Qg3 Qd7 19. Qh4 f6 20. exf6 Rxf6 21.
O-O-O Rcf8 22. g3 h5 23. Ne4 Be7 24. Nxf6+ Bxf6 25. Bg5 Bg7 26. Rhf1 Rc8 27.
Bf6 d4 28. Bxg7 Qxg7 29. Qf6 Bxa2 30. Qxg7+ Kxg7 31. Kd2 dxc3+ 32. bxc3 Ne7 33.
Kc2 Rc7 34. Kb2 Bf7 35. Rf4 Nf5 36. Rd2 Ne3 37. Re4 Nd5 38. c4 Nb6 39. Kb3 Nd7
40. Kb4 Nf6 41. Red4 b6 42. Bf3 Rc5 43. Rb2 Ng8 44. Bd5 Ne7 45. Bxf7 Kxf7 46.
Rf2+ Nf5 47. Rd6 a5+ 48. Kb3 b5 49. cxb5 Rxb5+ 50. Ka4 Re5 51. Ra6 h4 52. gxh4
Re4+ 53. Kxa5 Rxh4 54. Kb5 Kg7 55. Rg2 Rh6 56. Kc5 Nh4 57. Rf2 g5 58. Ra7+ Kg6
59. Kd5 Kh5 60. Ke5 Ng6+ 61. Ke4 Nh4 62. Ra5 Re6+ 63. Re5 Rxe5+ 64. Kxe5 Kg4
65. Kf6 Kh5 66. Ra2 Kg4 67. Ra3 Kh5 68. Rb3 Ng6 69. Rh3+ Nh4 70. Rg3 g4 71. Ra3
Kh6 72. Ra8 Kh7 73. Ra4 Kh6 74. h3 Nf3 75. hxg4 Ng5 76. Kf5 Nh7 77. Ra6+ Kg7
78. Ra7+ Kh6 79. Rxh7+ Kxh7 80. Kf6 Kg8 81. Kg6 1-0

[Event "European Youth Chess Championship B18"]
[Site "Prague, Top Hotel Prague"]
[Date "2012.08.19"]
[Round "3.35"]
[White "Pastar, Slaven"]
[Black "Real, Thibault"]
[Result "1-0"]
[WhiteElo "2093"]
[BlackElo "2010"]
[PlyCount "65"]
[EventDate "2012.08.17"]

1. e4 c5 2. Nc3 Nc6 3. g3 g6 4. Bg2 Bg7 5. Nge2 d6 6. O-O e6 7. d3 Nge7 8. Be3
O-O 9. Qd2 Re8 10. f4 Rb8 11. g4 f5 12. gxf5 exf5 13. d4 fxe4 14. dxc5 Nf5 15.
cxd6 Nxe3 16. Qxe3 Qxd6 17. Nxe4 Qe7 18. c3 Bg4 19. N2g3 Rbd8 20. h3 Bc8 21.
Kh1 Qh4 22. f5 Bh6 23. Qe2 Kh8 24. Qg4 Qxg4 25. hxg4 Bf8 26. Rae1 Rd3 27. Rd1
Rxd1 28. Rxd1 gxf5 29. gxf5 Rd8 30. Rf1 Ne5 31. Ng5 Rd2 32. Re1 Bg7 33. Nf7+
1-0

[Event "European Youth Chess Championship B18"]
[Site "Prague, Top Hotel Prague"]
[Date "2012.08.19"]
[Round "3.36"]
[White "Ronka, Erik"]
[Black "Belsley, Alexandre"]
[Result "1-0"]
[WhiteElo "2086"]
[BlackElo "1842"]
[PlyCount "83"]
[EventDate "2012.08.17"]

1. d4 d5 2. c4 c6 3. Nf3 Nf6 4. Nc3 dxc4 5. a4 Bf5 6. e3 e6 7. Bxc4 Bb4 8. O-O
O-O 9. Qe2 Qa5 10. Rd1 Nbd7 11. e4 Bg4 12. e5 Nd5 13. Nxd5 cxd5 14. Bd3 Be7 15.
Bd2 Qb6 16. Bc3 a5 17. Bb5 Nb8 18. h3 Bf5 19. Ne1 Nc6 20. Nc2 Rac8 21. Bd3 Bxd3
22. Qxd3 Qb3 23. Rdc1 Nb4 24. Qb5 Qc4 25. Qxa5 Nxc2 26. Rxc2 Ra8 27. Qb6 Rxa4
28. Rxa4 Qxa4 29. b3 Qc6 30. Qxc6 bxc6 31. Bd2 Rb8 32. Rxc6 Rxb3 33. Rc8+ Bf8
34. Bg5 Rb7 35. Kf1 h6 36. Be3 Rb2 37. g3 Ra2 38. Ke1 Ra1+ 39. Ke2 Ra3 40. Bd2
Rb3 41. Ra8 Ra3 42. Rxf8+ 1-0

[Event "European Youth Chess Championship B18"]
[Site "Prague, Top Hotel Prague"]
[Date "2012.08.19"]
[Round "3.37"]
[White "Panainte, Daniel-Iulian"]
[Black "Lis, Marek"]
[Result "0-1"]
[WhiteElo "2005"]
[BlackElo "2162"]
[PlyCount "76"]
[EventDate "2012.08.17"]

1. e4 c5 2. Nf3 Nc6 3. d4 cxd4 4. Nxd4 d5 5. Bb5 dxe4 6. Nxc6 Qxd1+ 7. Kxd1 a6
8. Nxe7+ Kxe7 9. Be2 f5 10. c4 Nf6 11. Be3 Be6 12. Nc3 Rc8 13. Rc1 Kf7 14. Na4
Bb4 15. b3 Rhd8+ 16. Kc2 h6 17. Kb2 g5 18. Rhd1 Bd6 19. Bb6 Rd7 20. Bd4 Bf4 21.
Nb6 Rxd4 22. Rxd4 Rc6 23. Na4 b5 24. cxb5 Bxc1+ 25. Kb1 axb5 26. Bxb5 Rc7 27.
Nb2 Bf4 28. Rd1 Nd5 29. Na4 Nc3+ 30. Nxc3 Rxc3 31. g3 Be5 32. Bd7 f4 33. b4 e3
34. gxf4 gxf4 35. fxe3 fxe3 36. b5 Bxd7 37. Rxd7+ Ke6 38. Rd1 e2 0-1

[Event "European Youth Chess Championship B18"]
[Site "Prague, Top Hotel Prague"]
[Date "2012.08.19"]
[Round "3.38"]
[White "Alfimov, Igor"]
[Black "Mcclement, Andrew"]
[Result "0-1"]
[WhiteElo "1969"]
[BlackElo "2088"]
[PlyCount "66"]
[EventDate "2012.08.17"]

1. d4 Nf6 2. c4 e6 3. Nf3 b6 4. g3 Ba6 5. b3 Bb7 6. Bg2 Bb4+ 7. Bd2 c5 8. O-O
O-O 9. Nc3 cxd4 10. Nxd4 Bxg2 11. Kxg2 d5 12. cxd5 Nxd5 13. Nxd5 Qxd5+ 14. Nf3
Be7 15. Bc3 Qb7 16. Rc1 Nd7 17. Kg1 Rfd8 18. Qc2 Rac8 19. Qb2 Bf6 20. Bxf6 Nxf6
21. Rxc8 Rxc8 22. Rc1 h6 23. Qd2 Ne4 24. Rxc8+ Qxc8 25. Qf4 Nc3 26. Qd2 Ne4 27.
Qf4 Nc3 28. Qd2 Nd5 29. a3 Qc5 30. a4 Nc3 31. Qd8+ Kh7 32. Qd3+ f5 33. Nd4 Qxd4
0-1

[Event "European Youth Chess Championship B18"]
[Site "Prague, Top Hotel Prague"]
[Date "2012.08.19"]
[Round "3.39"]
[White "Archer-Lock, Adrian"]
[Black "Pospisil, Martin"]
[Result "1-0"]
[WhiteElo "1923"]
[BlackElo "2084"]
[PlyCount "83"]
[EventDate "2012.08.17"]

1. d4 Nf6 2. c4 c5 3. d5 e5 4. Nc3 d6 5. e4 Be7 6. f4 exf4 7. Bxf4 O-O 8. Nf3
Nh5 9. Be3 f5 10. Bd3 f4 11. Bf2 Nf6 12. h3 Nbd7 13. Qe2 Ne5 14. Nxe5 dxe5 15.
O-O-O a6 16. Bc2 Bd6 17. a4 Bd7 18. g3 f3 19. Qd2 b5 20. Rde1 bxc4 21. Nd1 Rb8
22. Ne3 Rb4 23. Qc3 Bxa4 24. Nxc4 Bxc2 25. Kxc2 Rb5 26. Qa3 a5 27. Re3 Rb4 28.
Qc3 Qe7 29. Ra1 a4 30. Ree1 Rfb8 31. Ra2 Rb3 32. Qa5 Nd7 33. Rxa4 R3b4 34. Rxb4
cxb4 35. Qa6 b3+ 36. Kb1 Nc5 37. Qxd6 Qxd6 38. Nxd6 Nd3 39. Rf1 Ra8 40. Be3 Rd8
41. Nc4 Rc8 42. d6 1-0

[Event "European Youth Chess Championship B18"]
[Site "Prague, Top Hotel Prague"]
[Date "2012.08.19"]
[Round "3.40"]
[White "Poska, Karolis"]
[Black "Olson, Hamish"]
[Result "1-0"]
[WhiteElo "1884"]
[BlackElo "2055"]
[PlyCount "61"]
[EventDate "2012.08.17"]

1. e4 c5 2. Nf3 Nc6 3. d4 cxd4 4. Nxd4 Nf6 5. Nc3 e5 6. Ndb5 d6 7. Bg5 a6 8.
Na3 b5 9. Nd5 Be7 10. Bxf6 Bxf6 11. c4 b4 12. Nc2 a5 13. g3 Bg5 14. h4 Bh6 15.
Bh3 Be6 16. Kf1 O-O 17. Kg2 Bxd5 18. Qxd5 Ne7 19. Qd3 Qb6 20. Rad1 Qc6 21. f3
Rfd8 22. b3 Qc5 23. a3 Nc6 24. a4 Nb8 25. Qe2 Na6 26. Ne1 Qa7 27. Nd3 Nb8 28.
Nxe5 Be3 29. Qd3 Bc5 30. Qd5 Re8 31. Nxf7 1-0

[Event "European Youth Chess Championship B18"]
[Site "Prague, Top Hotel Prague"]
[Date "2012.08.19"]
[Round "3.41"]
[White "Starek, Stanislav"]
[Black "Konvicka, Martin"]
[Result "0-1"]
[WhiteElo "2052"]
[BlackElo "1937"]
[PlyCount "106"]
[EventDate "2012.08.17"]

1. d4 Nf6 2. c4 g6 3. Nc3 Bg7 4. e4 d6 5. Nf3 O-O 6. Be2 e5 7. O-O Nc6 8. d5
Ne7 9. Ne1 Nd7 10. Nd3 f5 11. Bd2 Nf6 12. f3 f4 13. Rc1 g5 14. c5 h5 15. Nb5
Ne8 16. Ba5 b6 17. cxd6 cxd6 18. Be1 Ng6 19. Nb4 a6 20. Nc6 Qd7 21. Nc3 b5 22.
Qb3 g4 23. a4 g3 24. hxg3 fxg3 25. Bxg3 Bh6 26. Rc2 h4 27. Bh2 Nf6 28. Nd1 Nh5
29. Ne3 Qg7 30. Kf2 Ngf4 31. Rg1 Ng3 32. Bf1 Nfh5 33. Ke1 Bf4 34. Kd1 Qg5 35.
Nf5 Bxf5 36. exf5 Nxf5 37. Bxf4 Qxf4 38. g3 Nhxg3 39. Ke1 Ne3 40. Be2 Nxc2+ 41.
Qxc2 Rf7 42. Qg6+ Rg7 43. Qe6+ Kh8 44. Rg2 Rf8 45. Ne7 Qc1+ 46. Bd1 Rxf3 47.
Qc8+ Qxc8 48. Nxc8 Rf1+ 49. Kd2 Ne4+ 50. Ke2 Rxg2+ 51. Kxf1 h3 52. axb5 Nd2+
53. Ke1 h2 0-1

[Event "European Youth Chess Championship B18"]
[Site "Prague, Top Hotel Prague"]
[Date "2012.08.19"]
[Round "3.42"]
[White "Pavel, Sebastian-Ionut"]
[Black "Krusina, Patrik"]
[Result "1-0"]
[WhiteElo "2045"]
[BlackElo "1922"]
[PlyCount "57"]
[EventDate "2012.08.17"]

1. e4 e6 2. d4 d5 3. Nc3 dxe4 4. Nxe4 Bd7 5. Bd3 Bc6 6. Nf3 Nf6 7. O-O Nbd7 8.
Ng3 Bd6 9. Re1 h6 10. Ne5 Nd5 11. Qg4 Bxe5 12. dxe5 Qe7 13. c4 Qb4 14. Qe2 N5b6
15. a3 Qb3 16. Ne4 Bxe4 17. Bxe4 O-O-O 18. Be3 c6 19. Rac1 Qa4 20. Rc3 Qa5 21.
f4 Na4 22. Rcc1 g5 23. b4 Qc7 24. c5 Nxe5 25. fxe5 Qxe5 26. Bxc6 Nc3 27. Bxb7+
Kxb7 28. c6+ Kc7 29. Bb6+ 1-0

[Event "European Youth Chess Championship B18"]
[Site "Prague, Top Hotel Prague"]
[Date "2012.08.19"]
[Round "3.43"]
[White "Suchomel, Ales"]
[Black "Gabovits, Ilia"]
[Result "1/2-1/2"]
[WhiteElo "2044"]
[BlackElo "1893"]
[PlyCount "54"]
[EventDate "2012.08.17"]

1. Nf3 Nf6 2. d4 g6 3. c4 Bg7 4. g3 O-O 5. Bg2 d6 6. O-O c6 7. Nc3 Bf5 8. Ne1
Be6 9. Qd3 d5 10. cxd5 cxd5 11. Qb5 Nc6 12. e3 Qb6 13. Qxb6 axb6 14. Bd2 Rfd8
15. Nc2 Bf5 16. Rfc1 e6 17. f3 Bxc2 18. Rxc2 Nb4 19. Rcc1 Ne8 20. g4 Bf8 21. a3
Nc6 22. Nb5 Rdc8 23. Rc2 Nd6 24. Rac1 Ne8 25. Bf1 Be7 26. Bd3 Rd8 27. Kf2 Bf6 {
...115moves.} 1/2-1/2